000 00366cam a2200145ua 4500
041 _aeng
_h
082 _a823.308
_bSEW/BL
100 _aSwell, Anna .
245 _aBlack beauty: the autobiography of ahorse /
_csewell.
_hTextual Documents
260 _a :
_bE JArnold &sons LTD ,
_c1962.
300 _a96 ; .
504 _a
942 _cBK
999 _c12261
_d12261